[Event "Olympiad-43"]
[Site "Batumi"]
[Date "2018.09.30"]
[Round "6.53"]
[White "Baules Rodriguez, Jorge Luis"]
[Black "Erikson, Roberto"]
[Result "0-1"]
[WhiteElo "2358"]
[BlackElo "2283"]
[PlyCount "52"]
[EventDate "2018.09.24"]
[EventType "team-swiss"]
[EventRounds "11"]
[EventCountry "GEO"]
[SourceTitle "CBM 187"]
[Source "ChessBase"]
[SourceDate "2018.12.11"]
[SourceVersion "1"]
[SourceVersionDate "2018.12.11"]
[SourceQuality "1"]
[WhiteTeam "Panama"]
[BlackTeam "Angola"]
[WhiteTeamCountry "PAN"]
[BlackTeamCountry "ANG"]

1. e4 e6 2. d4 d5 3. e5 c5 4. c3 Nc6 5. Nf3 Qb6 6. a3 cxd4 7. cxd4 Nh6 8. Bd3 Nf5 9. Bxf5 exf5 10. Nc3 Be6 11. 0-0 Be7 12. b4 Rc8 13. Be3 Qd8 14. Qd2 h6 15. Ne1 Nxb4 16. axb4 Bxb4 17. Rxa7 Bxc3 18. Qa2 b5 19. Qa6 0-0 20. Nd3 Qe8 21. Rb7 Rc4 22. Rxb5 Bc8 23. Qb6 Rc6 24. Qb8 Ba6 25. Rfb1 Qxb8 26. Rxb8 Bxd3 0-1

[Event "Olympiad-43"]
[Site "Batumi"]
[Date "2018.09.27"]
[Round "4.51"]
[White "Cu Hor, Winston Darwin"]
[Black "Erikson, Roberto"]
[Result "1-0"]
[WhiteElo "2319"]
[BlackElo "2283"]
[PlyCount "77"]
[EventDate "2018.09.24"]
[EventType "team-swiss"]
[EventRounds "11"]
[EventCountry "GEO"]
[SourceTitle "CBM 187"]
[Source "ChessBase"]
[SourceDate "2018.12.11"]
[SourceVersion "1"]
[SourceVersionDate "2018.12.11"]
[SourceQuality "1"]
[WhiteTeam "Guatemala"]
[BlackTeam "Angola"]
[WhiteTeamCountry "GUA"]
[BlackTeamCountry "ANG"]

1. Nf3 d5 2. c4 e6 3. g3 Nf6 4. Bg2 c6 5. b3 Bd6 6. 0-0 0-0 7. Bb2 Nbd7 8. Nc3 a6 9. d3 b5 10. e4 dxe4 11. Nxe4 Nxe4 12. dxe4 Qc7 13. Rc1 e5 14. Rc2 Rd8 15. Rd2 Bb4 16. Bxe5 Qa5 17. Rd3 bxc4 18. bxc4 Re8 19. Rxd7 Bxd7 20. Qxd7 Qxa2 21. Ng5 Qxc4 22. Qf5 g6 23. Qf6 Rxe5 24. Qxe5 a5 25. Rd1 h6 26. Nf3 a4 27. Bf1 Qb3 28. Rd3 Qb1 29. Qf6 Rf8 30. Ne5 Qa2 31. Rf3 Qa1 32. Nxc6 Qxf6 33. Rxf6 Bc5 34. Na5 Ra8 35. Ra6 Rb8 36. Nc4 a3 37. Ra5 Rb1 38. Nxa3 Rc1 39. Nc4 1-0

[Event "Olympiad-43"]
[Site "Batumi"]
[Date "2018.09.24"]
[Round "1.8"]
[White "Erikson, Roberto"]
[Black "Howell, David"]
[Result "0-1"]
[WhiteElo "2283"]
[BlackElo "2689"]
[PlyCount "52"]
[EventDate "2018.09.24"]
[EventType "team-swiss"]
[EventRounds "11"]
[EventCountry "GEO"]
[SourceTitle "CBM 187"]
[Source "ChessBase"]
[SourceDate "2018.12.11"]
[SourceVersion "1"]
[SourceVersionDate "2018.12.11"]
[SourceQuality "1"]
[WhiteTeam "Angola"]
[BlackTeam "England"]
[WhiteTeamCountry "ANG"]
[BlackTeamCountry "ENG"]

1. Nf3 g6 2. g3 Bg7 3. Bg2 c5 4. c4 Nc6 5. Nc3 e6 6. 0-0 Nge7 7. e3 0-0 8. d4 cxd4 9. Nxd4 Nxd4 10. exd4 d6 11. Bg5 h6 12. Bxe7 Qxe7 13. Qd2 Rb8 14. d5 e5 15. b4 b6 16. c5 bxc5 17. bxc5 dxc5 18. d6 Qd8 19. Na4 Rb4 20. Nxc5 Rd4 21. Qc3 Qxd6 22. Rac1 Bf5 23. Qa3 Qe7 24. Qa5 Rc8 25. Nb7 e4 26. Qxf5 Rxc1 0-1